000 00217 a2200097 4500
001 20104
100 _aMahmood S F
245 _aTarrikh Adbeyat Musalmanaan
260 _a
_bPunjab University
_c
090 _c14698
_d14698
942 _aNUST-CAE
_cM
_c5222
999 _c255177
_d255177